000 00437cam a2200193ua 4500
020 _c2.80
041 _aeng
_h
082 _a823.308
_bORW/AN
100 _aOrwell, George .
245 _aAnimal farm /
_cGeorge Orwell.
_hTextual Documents
250 _a1 /
_b.
260 _aLondon :
_bLongman ,
_c1966.
300 _a96 ; .
365 _a2.80
504 _a
942 _cBK
999 _c7878
_d7878